02731 2201141 4500001002100000005001500021035002000036007000300056008004100059020002200100082000800122084001400130100001100144245012800155260003100283300004100314500002300355700002100378504002500399600001200424990001700436990001700453990001700470990001700487990001700504990001700521990001700538990001700555990001700572990001700589990001700606990001700623990001700640990001700657990001700674990001700691990001700708990001700725990001700742990001700759990001700776990001700793990001700810990001700827990001700844990001700861990001700878990001700895990001700912990001700929990001700946990001700963990001700980990001700997990001701014990001701031990001701048990001701065990001301082990001301095990001301108990001301121990001301134990001301147990001301160990001301173990001301186990001301199990001301212990001301225990001301238990001301251990001301264990001301277990001301290990001301303990001301316990001301329990001301342990001301355990001301368990001301381990001301394990001301407990001301420990001301433990001301446990001301459990001301472990001301485990001301498990001301511990001301524990001301537990001301550990001301563990001301576INLIS00000000000002520221109103659 a0010-1122000025ta221109 g 0 ind  a978-602-254-115-8 a330 a330 ALA e0 aAlam S1 aEkonomi untuk SMA/MA kelas XII jilid 3 :bKurikulum 2013 /cAlam S ; editor, Roy P. Sitepu, M.M., H. Raymond Sitempul, M.Pd aJakarta :bErlangga,c2015 aix, 340 hlm. :bilus. ;c25 x 18 cm. aindeks hlm.338-3400 aRaymond Sitempul abibliografi hlm. 333 4aEkonomi a201600100181 a201600100182 a201600100183 a201600100184 a201600100185 a201600100186 a201600100187 a201600100188 a201600100189 a201600100190 a201600100191 a201600100192 a201600100193 a201600100194 a201600100195 a201600100196 a201600100197 a201600100198 a201600100199 a201600100200 a201600100201 a201600100202 a201600100203 a201600100204 a201600100205 a201600100206 a201600100207 a201600100208 a201600100209 a201600100210 a201600100211 a201600100212 a201600100213 a201600100214 a201600100215 a201600100216 a201600100217 a201600100218 a01060106 a01060106 a01060106 a01060106 a01060106 a01060106 a01060106 a01060106 a01060106 a01060106 a01060106 a01060106 a01060106 a01060106 a01060106 a01060106 a01060106 a01060106 a01060106 a01060106 a01060106 a01060106 a01060106 a01060106 a01060106 a01060106 a01060106 a01060106 a01060106 a01060106 a01060106 a01060106 a01060106 a01060106 a01060106 a01340134 a01340134 a01340134 a01340134